000 01000nam a2200253Ia 4500
005 20240530110943.0
008 140319s2009 xx 000 0 ara d
040 _aGCL /
_cGCL
082 0 4 _a547.28 /
_bا م
100 1 _aاحمد مجدى حسين مطاوع
245 1 0 _aمائة سؤال وجواب فى كيمياء الحياة اليومية /
_cتاليف احمد مجدى حسين مطاوع
260 _aالقاهرة :
_bاكاديمية البحث العلمى والتكنولوجيا - وزارة البحث البحث العلمى ،
_c2009
300 _a239 ص؛
_c24 سم
490 _aسلسلة 100 سؤال وجواب
_v0
650 0 4 _aالمواد البلاستيكية
650 0 4 _aالكيمياء
650 0 4 _aالحياة
650 0 4 _aالخلايا
650 0 4 _aالكيمياء - نظريات
650 0 4 _aالانزيمات
650 0 4 _aالتمثيل الضوئى
942 _2ddc
_cBK
999 _c66856
_d66856